Birds of Connecticut - Statistics

General Stats
  • This quiz has been taken 25 times
    24 since last reset
  • The average score is 136 of 451
Answer Stats
Species Note % Correct
American Robin
76%
Bald Eagle
76%
Blue Jay
76%
Canada Goose
62%
House Sparrow I
62%
Mallard
62%
Great Horned Owl
57%
Mourning Dove
57%
Northern Cardinal
57%
Red-tailed Hawk
57%
American Wigeon
52%
Black-capped Chickadee
52%
Cooper's Hawk
52%
European Starling I
52%
Golden Eagle
52%
Great Blue Heron
52%
Hooded Merganser
52%
Osprey
52%
Ruby-throated Hummingbird
52%
Snowy Owl
52%
White-breasted Nuthatch
52%
American Black Duck
48%
American Crow
48%
Barn Owl
48%
Barn Swallow
48%
Blue-winged Teal
48%
Brant
48%
Bufflehead
48%
Cackling Goose
48%
Chimney Swift
48%
Common Merganser
48%
Downy Woodpecker
48%
Eastern Bluebird
48%
Eastern Phoebe
48%
Eastern Screech-Owl
48%
Eurasian Wigeon
48%
Gadwall
48%
Green-winged Teal
48%
Hairy Woodpecker
48%
House Finch
48%
Laughing Gull
48%
Lesser Black-backed Gull
48%
Mute Swan I
48%
Peregrine Falcon
48%
Razorbill
48%
Red-breasted Nuthatch
48%
Redhead
48%
Sanderling
48%
Semipalmated Plover
48%
Snow Goose
48%
Snowy Egret
48%
Turkey Vulture
48%
American Goldfinch
43%
American Kestrel
43%
Atlantic Puffin R
43%
Baltimore Oriole
43%
Barred Owl
43%
Black Scoter
43%
Brown Creeper
43%
Canvasback
43%
Carolina Wren
43%
Common Eider
43%
Common Loon
43%
Fish Crow
43%
Glossy Ibis
43%
Gray Catbird
43%
Great Egret
43%
Greater Scaup
43%
Green Heron
43%
Horned Grebe
43%
King Eider
43%
Lesser Scaup
43%
Long-tailed Duck
43%
Marsh Wren
43%
Merlin
43%
Northern Flicker
43%
Northern Mockingbird
43%
Northern Pintail
43%
Pied-billed Grebe
43%
Pileated Woodpecker
43%
Piping Plover
43%
Red-shouldered Hawk
43%
Red-winged Blackbird
43%
Ring-billed Gull
43%
Rock Pigeon I
43%
Ross's Goose R
43%
Sharp-shinned Hawk
43%
Spotted Sandpiper
43%
Surf Scoter
43%
Trumpeter Swan R
43%
Tundra Swan
43%
White-winged Scoter
43%
Wood Duck
43%
Yellow Warbler
43%
American Bittern
38%
American Coot
38%
American Golden-Plover
38%
American Woodcock
38%
Arctic Tern R
38%
Black-and-white Warbler
38%
Black-bellied Plover
38%
Black-bellied Whistling Duck R
38%
Black-crowned Night-Heron
38%
Black Vulture
38%
Bonaparte's Gull
38%
Common Gallinule
38%
Common Goldeneye
38%
Common Grackle
38%
Common Nighthawk
38%
Common Raven
38%
Eared Grebe
38%
Eurasian Collared-Dove R
38%
Evening Grosbeak
38%
Franklin's Gull R
38%
Golden-crowned Kinglet
38%
Great Black-backed Gull
38%
Greater Yellowlegs
38%
Hermit Thrush
38%
Herring Gull
38%
House Wren
38%
Killdeer
38%
Least Bittern
38%
Little Blue Heron
38%
Long-eared Owl
38%
Northern Harrier
38%
Northern Shoveler
38%
Purple Finch
38%
Purple Martin
38%
Red-bellied Woodpecker
38%
Red-breasted Merganser
38%
Red-eyed Vireo
38%
Red-headed Woodpecker
38%
Red Knot
38%
Rose-breasted Grosbeak
38%
Rough-legged Hawk
38%
Ruby-crowned Kinglet
38%
Ruff R
38%
Semipalmated Sandpiper
38%
Short-eared Owl
38%
Snowy Plover R
38%
Song Sparrow
38%
Sora
38%
Tree Swallow
38%
Tufted Titmouse
38%
White-eyed Vireo
38%
White Ibis R
38%
Wild Turkey
38%
Wilson's Snipe
38%
Winter Wren
38%
Wood Thrush
38%
Yellow-bellied Sapsucker
38%
American Oystercatcher
33%
American Redstart
33%
Baird's Sandpiper
33%
Black-chinned Hummingbird R
33%
Boreal Chickadee R
33%
Broad-winged Hawk
33%
Brown Pelican R
33%
Brown Thrasher
33%
Caspian Tern
33%
Cattle Egret
33%
Cave Swallow
33%
Cerulean Warbler
33%
Chipping Sparrow
33%
Cinnamon Teal R
33%
Cliff Swallow
33%
Common Murre R
33%
Common Tern
33%
Dark-eyed Junco
33%
Double-crested Cormorant
33%
Eastern Kingbird
33%
Eastern Towhee
33%
Eastern Wood-Pewee
33%
Greater White-fronted Goose
33%
Gyrfalcon R
33%
Harlequin Duck
33%
Indigo Bunting
33%
Least Sandpiper
33%
Lesser Yellowlegs
33%
Little Gull R
33%
Long-billed Dowitcher
33%
Louisiana Waterthrush
33%
Magnolia Warbler
33%
Mississippi Kite
33%
Northern Saw-whet Owl
33%
Northern Waterthrush
33%
Ovenbird
33%
Palm Warbler
33%
Pink-footed Goose R
33%
Purple Gallinule R
33%
Red Crossbill
33%
Red-necked Grebe
33%
Red-throated Loon
33%
Ring-necked Duck
33%
Ring-necked Pheasant EX
33%
Royal Tern
33%
Ruddy Duck
33%
Rufous Hummingbird
33%
Sabine's Gull R
33%
Say's Phoebe R
33%
Scarlet Tanager
33%
Solitary Sandpiper
33%
Summer Tanager
33%
Swainson's Thrush
33%
Tricolored Heron
33%
Tufted Duck R
33%
Veery
33%
Virginia Rail
33%
White-rumped Sandpiper
33%
White-winged Crossbill
33%
Willet
33%
Yellow-crowned Night-Heron
33%
Yellow-rumped Warbler
33%
Alder Flycatcher
29%
American Avocet
29%
Bank Swallow
29%
Barnacle Goose R
29%
Barrow's Goldeneye
29%
Black Guillemot R
29%
Black-headed Gull
29%
Black-legged Kittiwake R
29%
Black-necked Stilt R
29%
Black Tern
29%
Black-throated Blue Warbler
29%
Black-throated Green Warbler
29%
Blue Grosbeak
29%
Blue-headed Vireo
29%
Bohemian Waxwing R
29%
California Gull R
29%
Canada Warbler
29%
Cedar Waxwing
29%
Clapper Rail
29%
Common Ground-Dove R
29%
Cory's Shearwater R
29%
Dunlin
29%
Fox Sparrow
29%
Fulvous Whistling-Duck R
29%
Graylag Goose R
29%
Great Cormorant
29%
Great Gray Owl R
29%
Gull-billed Tern R
29%
Hoary Redpoll
29%
Hooded Warbler
29%
Horned Lark
29%
Iceland Gull
29%
Ivory Gull R
29%
Lazuli Bunting R
29%
Least Flycatcher
29%
Least Tern
29%
Mountain Bluebird R
29%
Northern Bobwhite EX
29%
Northern Hawk-Owl R
29%
Northern Shrike
29%
Olive-sided Flycatcher
29%
Painted Bunting R
29%
Philadelphia Vireo
29%
Pine Siskin
29%
Pine Warbler
29%
Purple Sandpiper
29%
Roseate Tern
29%
Ruffed Grouse
29%
Sandwich Tern R
29%
Savannah Sparrow
29%
Sedge Wren
29%
Short-billed Dowitcher
29%
Snow Bunting
29%
Sooty Shearwater R
29%
Swainson's Hawk R
29%
Western Grebe
29%
Western Kingbird
29%
Whimbrel
29%
White-faced Ibis
29%
White-throated Sparrow
29%
White-winged Dove R
29%
Willow Flycatcher
29%
Wood Stork R
29%
Acadian Flycatcher
24%
American Tree Sparrow
24%
American White Pelican
24%
Bay-breasted Warbler
24%
Belted Kingfisher
24%
Blackpoll Warbler
24%
Black Rail R
24%
Black Skimmer
24%
Blue-gray Gnatcatcher
24%
Boat-tailed Grackle
24%
Bobolink
24%
Brown-headed Cowbird
24%
Buff-breasted Sandpiper
24%
Bullock's Oriole R
24%
Burrowing Owl R
24%
Common Redpoll
24%
Common Yellowthroat
24%
Connecticut Warbler
24%
Eastern Whip-poor-will
24%
Forster's Tern
24%
Glaucous Gull
24%
Grasshopper Sparrow
24%
Gray-cheeked Thrush
24%
Great Crested Flycatcher
24%
Hudsonian Godwit
24%
Kentucky Warbler
24%
King Rail
24%
Labrador Duck E
24%
Long-billed Curlew R
24%
Marbled Godwit
24%
Mourning Warbler
24%
Nashville Warbler
24%
Northern Goshawk
24%
Northern Rough-winged Swallow
24%
Pacific Golden-Plover R
24%
Pacific Loon R
24%
Passenger Pigeon R
24%
Pine Grosbeak R
24%
Prothonotary Warbler
24%
Roseate Spoonbill R
24%
Ross's Gull R
24%
Ruddy Turnstone
24%
Sandhill Crane
24%
Seaside Sparrow
24%
Stilt Sandpiper
24%
Swallow-tailed Kite
24%
Tennessee Warbler
24%
Thick-billed Murre R
24%
Upland Sandpiper
24%
Vesper Sparrow
24%
Warbling Vireo
24%
Western Sandpiper
24%
White-crowned Sparrow
24%
Wilson's Plover R
24%
Wilson's Warbler
24%
Yellow Rail R
24%
Anhinga R
19%
Bar-tailed Godwit R
19%
Bicknell's Thrush
19%
Black-tailed Godwit R
19%
Blue-winged Warbler
19%
Boreal Owl R
19%
Cape May Warbler
19%
Chestnut-sided Warbler
19%
Chuck-will's-widow R
19%
Common Gull R
19%
Common Ringed Plover R
19%
Corn Crake R
19%
Curlew Sandpiper R
19%
Dickcissel
19%
Dovekie R
19%
Eastern Meadowlark
19%
Field Sparrow
19%
Gray Flycatcher R
19%
Gray Partridge EX
19%
Greater Prairie-Chicken EX
19%
Great Shearwater R
19%
Lapland Longspur
19%
Lark Bunting R
19%
Lincoln's Sparrow
19%
Little Egret R
19%
Loggerhead Shrike R
19%
Long-tailed Jaeger R
19%
Northern Gannet
19%
Northern Parula
19%
Orange-crowned Warbler
19%
Orchard Oriole
19%
Parasitic Jaeger
19%
Pectoral Sandpiper
19%
Pomarine Jaeger R
19%
Red-necked Phalarope
19%
Red Phalarope R
19%
Rusty Blackbird
19%
Scissor-tailed Flycatcher R
19%
Short-billed Gull R
19%
Slaty-backed Gull R
19%
Spotted Towhee R
19%
Western Tanager R
19%
White-tailed Kite R
19%
Wilson's Phalarope
19%
Wilson's Storm-Petrel
19%
Yellow-bellied Flycatcher
19%
Yellow-throated Vireo
19%
American Pipit
14%
Ash-throated Flycatcher R
14%
Band-tailed Pigeon R
14%
Bell's Vireo R
14%
Black-backed Woodpecker R
14%
Black-billed Cuckoo
14%
Blackburnian Warbler
14%
Black-capped Petrel R
14%
Black-headed Grosbeak R
14%
Black-throated Gray Warbler R
14%
Brewer's Sparrow R
14%
Broad-billed Hummingbird R
14%
Clay-colored Sparrow
14%
Eskimo Curlew E
14%
Eurasian Tree Sparrow R
14%
Fieldfare R
14%
Fork-tailed Flycatcher R
14%
Hermit Warbler R
14%
Lark Sparrow
14%
Leach's Storm-Petrel R
14%
Little Stint R
14%
Manx Shearwater R
14%
Mexican Violetear R
14%
Monk Parakeet I
14%
Nelson's Sparrow
14%
Northern Fulmar R
14%
Northern Lapwing R
14%
Prairie Warbler
14%
Red-necked Stint R
14%
Saltmarsh Sparrow
14%
Sharp-tailed Sandpiper R
14%
Spotted Redshank R
14%
Sprague's Pipit R
14%
Swamp Sparrow
14%
Townsend's Warbler R
14%
Varied Thrush R
14%
Western Meadowlark R
14%
Worm-eating Warbler
14%
Yellow-billed Cuckoo
14%
Yellow-headed Blackbird
14%
Yellow-throated Warbler
14%
Audubon's Shearwater R
10%
Band-rumped Storm-Petrel R
10%
Brambling R
10%
Brewer's Blackbird R
10%
Brown Booby R
10%
Brown-chested Martin R
10%
Calliope Hummingbird R
10%
Crested Caracara R
10%
Golden-winged Warbler
10%
Gray Kingbird R
10%
Green-tailed Towhee R
10%
Harris's Sparrow R
10%
Henslow's Sparrow
10%
MacGillivray's Warbler R
10%
Magnificent Frigatebird R
10%
Pacific-slope Flycatcher R
10%
Smith's Longspur R
10%
Sooty Tern R
10%
Townsend's Solitaire R
10%
Tropical Kingbird R
10%
White-faced Storm-Petrel R
10%
White-tailed Tropicbird R
10%
Yellow-breasted Chat
10%
Zone-tailed Hawk R
10%
Bridled Tern R
5%
Chestnut-collared Longspur R
5%
Eurasian Jackdaw R
5%
Golden-crowned Sparrow R
5%
LeConte's Sparrow R
5%
Northern Wheatear R
5%
Black-backed Oriole R
0%
No matching quizzes found
Score Distribution
Percent of People with Each Score
Percentile by Number Answered
Your Score History
You have not taken this quiz since the last reset